10 matematických velikánov
Pokračovanie príspevku z čísiel 2-3/2018 a 4/2018. Matematici novoveku. Geronimo Cardano. François Viète. Galileo Galilei. René Descartes.
Saved in:
| Main Author: | |
|---|---|
| Format: | Book Chapter |
| Language: | Slovak |
| Subjects: | |
| Tags: |
No Tags, Be the first to tag this record!
|
MARC
| LEADER | 00000naa a2200000 4500 | ||
|---|---|---|---|
| 001 | 0253249 | ||
| 005 | 20190426085238.3 | ||
| 041 | 0 | |a slo | |
| 044 | |a SK | ||
| 245 | 1 | 0 | |a 10 matematických velikánov |c Vladimír Strečko |
| 520 | |a Pokračovanie príspevku z čísiel 2-3/2018 a 4/2018. Matematici novoveku. Geronimo Cardano. François Viète. Galileo Galilei. René Descartes. | ||
| 610 | 2 | 0 | |a matematika |
| 610 | 2 | 0 | |a dejiny |
| 610 | 2 | 0 | |a osobnosť |
| 610 | 2 | 0 | |a veda |
| 610 | 2 | 0 | |a výskum |
| 100 | 1 | |a Strečko, Vladimír | |